=LDR 00000nam 2200000 4500 =001 INLIS000000000051493 =005 20200812094947 =035 ##$$a 0010-0917000297 =007 ta =082 ##$$a 2x6.3 =100 ##$$a Saddam, Muhammad =245 1#$$a Perspektif ekonomi islam /$c Muhammad Saddam; Penyunting, Hary kurniawan =260 ##$$a Jakarta :$b Pustaka Ibadah,$c 2003 =850 ##$$a DPKP =008 200812################g##########0#ind## =084 ##$$a 2x6.3 SAD p =300 ##$$a VI, 126 hlm ; $c 15 x 22 cm =650 #4$$a Islam, ekonomi =990 ##$$a 20404246 =990 ##$$a 20404248 =990 ##$$a 20404245